000 00235nam a2200109Ia 4500
008 190216s9999||||xx |||||||||||||| ||und||
100 _aV K N
245 0 _aPayyan Kathakal
260 _bNbs Kottayam
650 _aKathakal
942 _cBK
999 _c26138
_d26138